Vista normal Vista MARC

Entrada Topical Term

Número de registros utilizados en: 1

001 - CONTROL NUMBER

  • control field: 13478

003 - CONTROL NUMBER IDENTIFIER

  • control field: OSt

005 - DATE AND TIME OF LATEST TRANSACTION

  • control field: 20210215171412.0

008 - FIXED-LENGTH DATA ELEMENTS

  • fixed length control field: 210215|| aca||aabn | a|a d

040 ## - CATALOGING SOURCE

  • Original cataloging agency: OSt
  • Transcribing agency: OSt

150 ## - HEADING--TOPICAL TERM

  • Topical term or geographic name entry element: Actitud hacia la enfermedad

670 ## - SOURCE DATA FOUND

  • Source citation: Work cat.: (OSt): León Guerra, Olga Lorena, autor 13476, Lo que esconde la sonrisa de la pelirroja : , ©2016